| 000 | 00615nam a22002057a 4500 | ||
|---|---|---|---|
| 003 | OSt | ||
| 005 | 20160909144005.0 | ||
| 008 | 160412b xxu||||| |||| 00| 0 eng d | ||
| 020 | _a971-8966-74-9 | ||
| 040 | _cLIC | ||
| 082 |
_22006 _aDFil 657.076 _bC11a |
||
| 100 |
_95258 _aCabrera, Ma. Elenita Balatbat |
||
| 245 |
_aAuditing problems: _bCPA reviewer/ _cMa. Elenita Balatbat Cabrera. |
||
| 250 | _a2006 Edition. | ||
| 260 |
_aManila: _bGIC Enterprisess & Co., Inc., _cc2006. |
||
| 300 |
_a816 pages; _c23 cm. |
||
| 365 |
_b550.00 _cPhp |
||
| 650 | 0 |
_95259 _aAuditing _xProblems, exercises, etc. |
|
| 942 |
_2ddc _cDFIL |
||
| 999 |
_c1665 _d1665 |
||